[Event "Figueira 2023"]
[Site "?"]
[Date "2023.11.09"]
[Round "6.14"]
[White "Petkov, Vladimir"]
[Black "Antolak, Julia"]
[Result "1/2-1/2"]
[BlackElo "2281"]
[WhiteElo "2408"]
[LiveChessVersion "1.4.8"]

1. d4 Nf6 2. Nf3 e6 3. c4 Bb4+ 4. Bd2 Qe7 5. g3 Bxd2+ 6. Nbxd2 d6 7. Bg2 e5 8.
Nf1 O-O 9. Ne3 c6 10. O-O Ng4 11. c5 dxc5 12. Nxg4 Bxg4 13. Nxe5 Bh5 14. g4 Bg6
15. f4 cxd4 16. Qxd4 Re8 17. Rad1 Na6 18. Nc4 Rad8 19. Nd6 Nc7 20. Qc5 Bc2 21.
Qxc2 Rxd6 22. e4 Red8 23. Rxd6 Qxd6 24. e5 Qd4+ 25. Kh1 Nd5 26. Bxd5 Qxd5+ 27.
Kg1 Qxa2 28. Qf2 Qa5 29. Re1 Rd2 30. Re2 Rd1+ 31. Kg2 Qd5+ 32. Kg3 Rd3+ 33. Re3
h6 34. h4 a5 35. h5 b5 36. Rxd3 Qxd3+ 37. Kh4 a4 38. Qc5 Qf3 39. Qd4 Qd5 40. Qb6
Kh7 41. Qf2 Qe4 42. Qd2 Qh1+ 43. Kg3 Qd5 44. Qc2+ Kg8 45. Qf5 Qe6 46. Qd3 Qe7 47.
Qf5 Qe8 48. Qd3 c5 49. Qd5 c4 50. f5 b4 51. e6 c3 52. bxc3 bxc3 53. Qd7 Qb8+ 54.
Kh3 fxe6 55. fxe6 c2 56. e7 c1=Q 57. e8=Q+ Qxe8 58. Qxe8+ Kh7 59. Qg6+ 1/2-1/2

[Event "Figueira 2023"]
[Site "?"]
[Date "2023.11.09"]
[Round "6.15"]
[White "Ribeiro, Gustavo"]
[Black "Sousa, Andre Ventura"]
[Result "0-1"]
[BlackElo "2441"]
[WhiteElo "2212"]
[LiveChessVersion "1.4.8"]

1. e4 {[%clk 1:29:50]} e5 {[%clk 1:20:19]} 2. Nf3 {[%clk 1:30:15]} Nc6
{[%clk 1:20:41]} 3. Nc3 {[%clk 1:30:41]} Nf6 {[%clk 1:20:59]} 4. d4
{[%clk 1:31:07]} exd4 {[%clk 1:21:24]} 5. Nxd4 {[%clk 1:31:34]} Bb4
{[%clk 1:21:50]} 6. Nxc6 {[%clk 1:31:41]} bxc6 {[%clk 1:22:17]} 7. Bd3
{[%clk 1:32:03]} O-O {[%clk 1:22:38]} 8. O-O {[%clk 1:32:23]} Re8
{[%clk 1:23:04]} 9. Re1 {[%clk 1:32:29]} d6 {[%clk 1:18:52]} 10. Bg5
{[%clk 1:31:30]} h6 {[%clk 1:19:06]} 11. Bh4 {[%clk 1:31:56]} g5 {[%clk 1:16:58]}
12. Bg3 {[%clk 1:29:38]} Ng4 {[%clk 1:17:05]} 13. a3 Bxc3 {[%clk 1:13:28]} 14.
bxc3 {[%clk 1:28:17]} Qf6 {[%clk 1:12:56]} 15. Qd2 {[%clk 1:28:19]} Ne5
{[%clk 1:11:29]} 16. f4 {[%clk 1:27:24]} gxf4 {[%clk 1:11:43]} 17. Bxf4
{[%clk 1:27:25]} Kh7 {[%clk 1:09:29]} 18. Rf1 {[%clk 1:26:07]} Be6
{[%clk 1:06:56]} 19. Rae1 {[%clk 1:24:39]} Rg8 {[%clk 0:59:29]} 20. Re3
{[%clk 1:23:46]} c5 {[%clk 0:55:33]} 21. Be2 {[%clk 1:12:32]} Rab8
{[%clk 0:51:28]} 22. Rg3 {[%clk 1:10:18]} Rxg3 {[%clk 0:47:11]} 23. Bxg3
{[%clk 1:10:39]} Qg5 {[%clk 0:47:05]} 24. Bf4 {[%clk 1:10:36]} Qg7
{[%clk 0:47:11]} 25. Bh5 {[%clk 1:07:06]} Bc4 {[%clk 0:45:00]} 26. Re1
{[%clk 1:06:35]} Rb2 {[%clk 0:42:56]} 27. Bg3 {[%clk 1:05:55]} Qg5
{[%clk 0:39:25]} 28. Qc1 {[%clk 1:06:09]} Ra2 {[%clk 0:37:09]} 29. Bf3
{[%clk 1:05:20]} Qxc1 {[%clk 0:36:33]} 30. Rxc1 {[%clk 1:05:45]} Rxa3
{[%clk 0:36:46]} 31. Rb1 {[%clk 1:04:40]} a5 {[%clk 0:36:53]} 32. Be1
{[%clk 0:59:23]} Nxf3+ {[%clk 0:32:29]} 33. gxf3 {[%clk 0:59:45]} a4
{[%clk 0:32:58]} 34. Bd2 {[%clk 1:00:02]} Ra2 {[%clk 0:33:24]} 35. Bc1
{[%clk 0:59:55]} Rxc2 {[%clk 0:33:23]} 36. Ra1 {[%clk 1:00:19]} Bb3
{[%clk 0:31:53]} 0-1

[Event "Figueira 2023"]
[Site "?"]
[Date "2023.11.09"]
[Round "6.16"]
[White "Goncalves, Samuel Jesus P"]
[Black "Stella, Andrea"]
[Result "1/2-1/2"]
[BlackElo "2431"]
[WhiteElo "2136"]
[LiveChessVersion "1.4.8"]

1. e4 {[%clk 1:25:17]} c5 {[%clk 1:30:31]} 2. Nf3 {[%clk 1:25:17]} d6
{[%clk 1:30:58]} 3. Bb5+ {[%clk 1:25:14]} Bd7 {[%clk 1:31:23]} 4. Bxd7+
{[%clk 1:25:17]} Qxd7 {[%clk 1:31:50]} 5. c4 {[%clk 1:25:32]} Nc6
{[%clk 1:32:00]} 6. Nc3 {[%clk 1:25:47]} g6 {[%clk 1:31:36]} 7. d4
{[%clk 1:26:07]} cxd4 {[%clk 1:32:01]} 8. Nxd4 {[%clk 1:26:29]} Bg7
{[%clk 1:32:07]} 9. Be3 {[%clk 1:26:50]} Nf6 {[%clk 1:32:31]} 10. f3
{[%clk 1:27:14]} O-O {[%clk 1:32:31]} 11. O-O {[%clk 1:27:38]} a6
{[%clk 1:32:03]} 12. Qd3 {[%clk 1:27:46]} Rab8 {[%clk 1:31:41]} 13. Nxc6
{[%clk 1:22:19]} bxc6 {[%clk 1:32:06]} 14. b3 {[%clk 1:22:03]} Qc7
{[%clk 1:27:34]} 15. Rad1 {[%clk 1:19:08]} Nd7 {[%clk 1:25:31]} 16. Na4
{[%clk 1:15:14]} Ne5 {[%clk 0:57:33]} 17. Qd2 {[%clk 1:04:13]} c5
{[%clk 0:58:01]} 18. Nc3 {[%clk 0:52:16]} Nc6 {[%clk 0:57:23]} 19. f4
{[%clk 0:50:13]} Qa5 {[%clk 0:14:40]} 20. Ne2 {[%clk 0:41:00]} Qxd2
{[%clk 0:15:02]} 21. Rxd2 {[%clk 0:41:22]} a5 {[%clk 0:08:37]} 22. e5
{[%clk 0:40:18]} dxe5 {[%clk 0:06:58]} 23. Bxc5 {[%clk 0:36:08]} exf4
{[%clk 0:05:35]} 24. Nxf4 {[%clk 0:33:22]} a4 {[%clk 0:05:43]} 25. Rd3
{[%clk 0:33:03]} axb3 {[%clk 0:04:08]} 26. axb3 {[%clk 0:33:22]} Rb7
{[%clk 0:02:47]} 27. Nd5 {[%clk 0:07:45]} Rfb8 {[%clk 0:02:02]} 28. Rdf3
{[%clk 0:07:01]} f5 {[%clk 0:01:08]} 29. b4 {[%clk 0:06:02]} e6 {[%clk 0:01:01]}
30. Nf4 {[%clk 0:03:24]} Bd4+ {[%clk 0:00:36]} 31. Bxd4 {[%clk 0:03:20]} Nxd4
{[%clk 0:01:05]} 32. Rd3 {[%clk 0:03:49]} Rxb4 {[%clk 0:01:24]} 33. Rxd4
{[%clk 0:03:12]} e5 {[%clk 0:01:53]} 34. Rd7 {[%clk 0:02:44]} exf4
{[%clk 0:02:21]} 35. Rxf4 {[%clk 0:03:12]} Rc8 {[%clk 0:00:57]} 36. Rdd4
{[%clk 0:03:06]} Rc7 {[%clk 0:00:38]} 37. g4 {[%clk 0:03:25]} fxg4
{[%clk 0:00:46]} 38. Rxg4 {[%clk 0:03:53]} Kg7 {[%clk 0:00:37]} 39. h4
{[%clk 0:03:28]} Rb2 {[%clk 0:00:41]} 40. Rg2 {[%clk 0:33:08]} Rb1+
{[%clk 0:30:53]} 41. Kh2 {[%clk 0:32:09]} Rc1 {[%clk 0:30:51]} 42. Rgg4
{[%clk 0:32:12]} Rc3 {[%clk 0:25:15]} 1/2-1/2

[Event "Figueira 2023"]
[Site "?"]
[Date "2023.11.09"]
[Round "6.17"]
[White "Dhulipalla, Bala Chandra Prasad"]
[Black "Gama, Edivaldo Jr"]
[Result "1-0"]
[BlackElo "2104"]
[WhiteElo "2408"]
[LiveChessVersion "1.4.8"]

1. d4 {[%clk 1:29:31]} Nf6 {[%clk 1:30:38]} 2. Nf3 {[%clk 1:29:26]} e6
{[%clk 1:30:19]} 3. Bf4 {[%clk 1:29:46]} b6 {[%clk 1:29:44]} 4. e3
{[%clk 1:30:10]} Bb7 {[%clk 1:30:00]} 5. Bd3 {[%clk 1:30:33]} Nh5
{[%clk 1:29:19]} 6. Bg5 {[%clk 1:30:42]} Be7 {[%clk 1:28:50]} 7. Bxe7
{[%clk 1:31:01]} Qxe7 {[%clk 1:29:05]} 8. O-O {[%clk 1:31:22]} f5
{[%clk 1:27:38]} 9. c4 {[%clk 1:29:46]} Nf6 {[%clk 1:26:10]} 10. Nc3
{[%clk 1:29:56]} O-O {[%clk 1:26:00]} 11. Rc1 {[%clk 1:21:00]} Ne4
{[%clk 1:23:53]} 12. Bxe4 {[%clk 1:08:27]} fxe4 {[%clk 1:23:47]} 13. Nd2
{[%clk 1:08:46]} d5 {[%clk 1:23:51]} 14. cxd5 {[%clk 1:06:33]} exd5
{[%clk 1:23:00]} 15. Qb3 {[%clk 1:06:47]} c6 {[%clk 1:15:14]} 16. Ndxe4
{[%clk 0:50:18]} Ba6 {[%clk 1:14:04]} 17. Nxd5 {[%clk 0:50:09]} cxd5
{[%clk 1:11:03]} 18. Qxd5+ {[%clk 0:50:02]} Kh8 {[%clk 1:09:46]} 19. Qxa8
{[%clk 0:50:18]} Bb7 {[%clk 1:09:40]} 20. Qxa7 {[%clk 0:50:36]} Qxe4
{[%clk 1:10:04]} 21. f3 {[%clk 0:50:59]} Qxe3+ {[%clk 1:09:17]} 22. Kh1
{[%clk 0:51:23]} Ba6 {[%clk 1:08:45]} 23. Rfd1 {[%clk 0:47:59]} h6
{[%clk 0:55:56]} 24. Qxb6 {[%clk 0:44:50]} Be2 {[%clk 0:55:06]} 25. Re1
{[%clk 0:42:49]} Re8 {[%clk 0:38:28]} 26. Qg6 {[%clk 0:39:49]} Rd8
{[%clk 0:30:44]} 27. Qe4 {[%clk 0:28:35]} Qxe4 {[%clk 0:26:34]} 28. fxe4
{[%clk 0:29:03]} Bg4 {[%clk 0:25:20]} 29. h3 {[%clk 0:28:06]} Be6
{[%clk 0:25:32]} 30. d5 {[%clk 0:28:32]} Bg8 {[%clk 0:26:01]} 31. e5
{[%clk 0:24:49]} Bxd5 {[%clk 0:23:45]} 32. Red1 {[%clk 0:24:44]} Kg8
{[%clk 0:22:59]} 33. Rxd5 {[%clk 0:23:42]} Rxd5 {[%clk 0:22:47]} 34. Rc8+
{[%clk 0:24:07]} Kf7 {[%clk 0:23:15]} 35. Rxb8 {[%clk 0:24:30]} Rxe5
{[%clk 0:23:44]} 36. Rb7+ {[%clk 0:24:31]} Kf6 {[%clk 0:24:08]} 37. a4
{[%clk 0:24:52]} Re1+ {[%clk 0:24:17]} 38. Kh2 {[%clk 0:25:17]} Ra1
{[%clk 0:24:43]} 39. b3 {[%clk 0:25:19]} h5 {[%clk 0:25:05]} 40. Rb5
{[%clk 0:55:37]} 1-0

[Event "Figueira 2023"]
[Site "?"]
[Date "2023.11.09"]
[Round "6.18"]
[White "Padeiro, Jose"]
[Black "Sieciechowicz, Marcin"]
[Result "1/2-1/2"]
[BlackElo "2407"]
[WhiteElo "2121"]
[LiveChessVersion "1.4.8"]

1. c4 Nf6 2. Nc3 d5 3. cxd5 Nxd5 4. g3 c5 5. Bg2 Nc7 6. d3 e5 7. Be3 Be7 8. Rc1
O-O 9. Ne4 Ne6 10. Qd2 f5 11. Nxc5 f4 12. gxf4 exf4 13. Nxe6 Bxe6 14. Bc5 Bxc5
15. Rxc5 Nd7 16. Rc3 Qg5 17. Bxb7 Rab8 18. Nf3 Qa5 19. Be4 Qa4 20. a3 Qxa3 21. b4
Qa2 22. Qxa2 Rxb4 23. O-O Bxa2 24. Ra3 Nf6 25. Rxa2 Nxe4 26. Rc2 Nc3 27. Rfc1 Nb5
28. Ra1 h6 29. Kg2 Kh7 30. Ra5 Rf6 31. Ra1 a6 32. Rca2 Nc3 33. Rc2 Nb5 34. Rca2
Nc3 1/2-1/2

[Event "Figueira 2023"]
[Site "?"]
[Date "2023.11.09"]
[Round "6.20"]
[White "Charvi, A"]
[Black "Maisuradze, Nino"]
[Result "0-1"]
[BlackElo "2253"]
[WhiteElo "1580"]
[LiveChessVersion "1.4.8"]

1. e4 c5 2. Nf3 a6 3. c3 Nf6 4. e5 Nd5 5. d4 cxd4 6. cxd4 d6 7. Bc4 Nb6 8. Bb3 d5
9. h3 Bf5 10. Nc3 e6 11. Be3 Nc6 12. a3 Na5 13. O-O Nbc4 14. Ba4+ b5 15. Nxb5
axb5 16. Bxb5+ Ke7 17. b4 Qb8 18. a4 Nb2 19. Qc1 Nac4 20. Nd2 Kd8 21. Nxc4 Nxc4
22. Bxc4 dxc4 23. Qxc4 Qxb4 24. Qc6 Rc8 25. Qf3 Be7 26. d5 Be4 27. Qxf7 Bxd5 28.
Qxg7 Kd7 29. f3 Rcg8 30. Qf7 Qb2 31. Bf2 Qxe5 32. Rad1 Rg7 33. Bd4 Qxd4+ 34. Rxd4
Rxf7 35. Kh1 Bc5 36. Rd2 Ra8 37. Rc2 Kd6 38. Rfc1 Ra5 39. Kh2 Rf4 40. Kg3 Rfxa4
41. h4 Ra2 42. Rxa2 Rxa2 43. h5 Ra8 44. h6 Rg8+ 45. Kh3 Rg6 46. g4 Bxf3 47. Rc4
Rxh6+ 48. Kg3 Bd5 49. Rf4 Ke7 50. Rf1 Bd6+ 51. Kf2 Rf6+ 52. Ke1 Bb4+ 53. Ke2 Bc4+
54. Ke3 Bc5+ 55. Kd2 Rxf1 56. Kc2 Bb4 57. Kb2 Rf2+ 58. Kb1 Bc3 59. Kc1 Bb3 60.
Kb1 Rf1# 0-1

[Event "Figueira 2023"]
[Site "?"]
[Date "2023.11.09"]
[Round "6.21"]
[White "Andias, Joao Pedro Menezes"]
[Black "Pablo Mari, Alejandro"]
[Result "0-1"]
[BlackElo "2347"]
[WhiteElo "2069"]
[LiveChessVersion "1.4.8"]

1. e4 {[%clk 1:29:05]} d5 {[%clk 1:30:39]} 2. exd5 {[%clk 1:29:23]} Qxd5
{[%clk 1:31:00]} 3. Nc3 {[%clk 1:29:42]} Qd6 {[%clk 1:31:25]} 4. Bc4
{[%clk 1:29:34]} Nf6 {[%clk 1:30:46]} 5. d3 {[%clk 1:29:31]} a6 {[%clk 1:21:53]}
6. h3 {[%clk 1:23:44]} e6 {[%clk 1:09:50]} 7. a4 {[%clk 1:05:41]} Nc6
{[%clk 1:07:05]} 8. Nge2 {[%clk 1:04:04]} Qd8 {[%clk 1:05:28]} 9. Bg5
{[%clk 0:59:20]} h6 {[%clk 1:03:50]} 10. Be3 {[%clk 0:59:12]} b6 {[%clk 1:03:32]}
11. O-O {[%clk 0:46:18]} Bb7 {[%clk 0:56:51]} 12. Ng3 {[%clk 0:37:59]} Be7
{[%clk 0:52:57]} 13. f4 {[%clk 0:37:28]} g6 {[%clk 0:49:51]} 14. Qe1
{[%clk 0:35:59]} Nd4 {[%clk 0:49:08]} 15. Rf2 {[%clk 0:27:36]} Nf5
{[%clk 0:48:18]} 16. Nxf5 {[%clk 0:27:34]} gxf5 {[%clk 0:48:28]} 17. Qe2
{[%clk 0:27:43]} Rg8 {[%clk 0:43:49]} 18. Rd1 {[%clk 0:24:21]} Bb4
{[%clk 0:37:45]} 19. Na2 {[%clk 0:22:12]} Be7 {[%clk 0:36:50]} 20. Nc3
{[%clk 0:22:32]} Kf8 {[%clk 0:32:53]} 21. Kh2 {[%clk 0:12:18]} Bd6
{[%clk 0:24:12]} 22. g3 {[%clk 0:07:18]} h5 {[%clk 0:21:13]} 23. Rg1
{[%clk 0:06:45]} c5 {[%clk 0:12:06]} 24. d4 {[%clk 0:05:47]} Qc7 {[%clk 0:12:29]}
25. dxc5 {[%clk 0:01:30]} bxc5 {[%clk 0:12:33]} 26. Qd1 {[%clk 0:01:23]} Rd8
{[%clk 0:11:48]} 27. Be2 {[%clk 0:00:39]} e5 {[%clk 0:08:31]} 28. Qc1
{[%clk 0:00:34]} Rh8 {[%clk 0:07:24]} 29. fxe5 {[%clk 0:00:36]} Ng4+
{[%clk 0:07:25]} 30. Bxg4 {[%clk 0:00:55]} hxg4 {[%clk 0:07:53]} 31. Bh6+
{[%clk 0:00:45]} Ke8 {[%clk 0:08:23]} 32. exd6 {[%clk 0:00:56]} Rxd6
{[%clk 0:08:51]} 33. Re2+ {[%clk 0:00:36]} Kd7 {[%clk 0:09:20]} 34. Rd1
{[%clk 0:00:44]} Kc8 {[%clk 0:09:50]} 35. Rxd6 {[%clk 0:00:31]} Qxd6
{[%clk 0:10:18]} 36. h4 {[%clk 0:00:33]} Rxh6 {[%clk 0:10:36]} 37. Qg5
{[%clk 0:00:35]} Kb8 {[%clk 0:09:45]} 38. Re8+ {[%clk 0:00:34]} Ka7
{[%clk 0:10:09]} 39. Qd8 {[%clk 0:00:34]} Rxh4+ {[%clk 0:08:27]} 40. Qxh4
{[%clk 0:30:59]} Qc6 {[%clk 0:38:49]} 41. Re4 {[%clk 0:27:05]} fxe4
{[%clk 0:35:53]} 42. Kg1 {[%clk 0:23:49]} e3 {[%clk 0:36:12]} 43. Qh2
{[%clk 0:24:13]} Qf3 {[%clk 0:34:24]} 44. Ne2 {[%clk 0:24:19]} f5 45. c3
{[%clk 0:15:59]} Qd5 {[%clk 0:30:35]} 0-1

[Event "Figueira 2023"]
[Site "?"]
[Date "2023.11.09"]
[Round "6.22"]
[White "Elissalt Cardenas, Hector"]
[Black "Goncalves, Lucas Jordao"]
[Result "1-0"]
[BlackElo "2018"]
[WhiteElo "2327"]
[LiveChessVersion "1.4.8"]

1. d4 {[%clk 1:29:52]} d5 {[%clk 1:27:32]} 2. c4 {[%clk 1:30:09]} e6
{[%clk 1:27:51]} 3. Nf3 {[%clk 1:30:17]} Nf6 {[%clk 1:27:45]} 4. Bg5
{[%clk 1:29:55]} Be7 {[%clk 1:28:08]} 5. Nbd2 {[%clk 1:30:18]} O-O
{[%clk 1:28:20]} 6. e3 {[%clk 1:30:06]} b6 {[%clk 1:26:55]} 7. Bd3
{[%clk 1:29:36]} Nbd7 {[%clk 1:25:40]} 8. Qc2 {[%clk 1:14:15]} Bb7
{[%clk 1:22:11]} 9. O-O {[%clk 1:04:16]} h6 {[%clk 1:20:02]} 10. Bh4
{[%clk 1:00:45]} c5 {[%clk 1:18:49]} 11. Rfd1 {[%clk 1:00:56]} Rc8
{[%clk 1:18:52]} 12. b3 {[%clk 0:49:01]} b5 {[%clk 1:07:21]} 13. Qb2
{[%clk 0:47:09]} dxc4 {[%clk 0:38:54]} 14. bxc4 {[%clk 0:46:19]} Bxf3
{[%clk 0:38:17]} 15. Nxf3 {[%clk 0:35:15]} bxc4 {[%clk 0:38:27]} 16. Bxc4
{[%clk 0:34:14]} Nb6 {[%clk 0:33:56]} 17. Ba6 {[%clk 0:34:03]} c4
{[%clk 0:24:06]} 18. Bxc8 {[%clk 0:33:42]} Qxc8 {[%clk 0:24:35]} 19. Ne5
{[%clk 0:30:27]} Qa6 {[%clk 0:19:42]} 20. Qe2 {[%clk 0:21:11]} Rc8
{[%clk 0:19:32]} 21. a4 {[%clk 0:20:22]} Qa5 {[%clk 0:19:29]} 22. Rdc1
{[%clk 0:18:26]} c3 {[%clk 0:19:06]} 23. Qb5 {[%clk 0:17:30]} Bb4
{[%clk 0:14:44]} 24. Nc6 {[%clk 0:17:34]} 1-0